| 000 | 00425pab a2200169 454500 | ||
|---|---|---|---|
| 008 | 180718b1995 xxu||||| |||| 00| 0 eng d | ||
| 100 | _aChengti, Shivakumar | ||
| 245 | _aAcademic achievement, intelligence and modernity | ||
| 260 | _c1995 | ||
| 300 | _ap.56-62 | ||
| 362 | _aDec | ||
| 650 | _aStudents - India - Karnataka | ||
| 650 | _aEducation | ||
| 700 | _aHalyal, P.S. | ||
| 773 | _aSocial Change | ||
| 909 | _a32362 | ||
| 999 |
_c32362 _d32362 |
||